000 01014nam a22003137a 4500
003 CHAP
005 20220329133906.0
008 971013s1969 r 00010 d
010 _a12344
011 _a13316
035 _a17387
040 _cCHAP
090 _aFolleto 6398
100 0 0 _aGil Gutiérrez, Manuel.
_947932
245 _aTratamiento de costales con insecticidas
260 _aMéxico, D.F. :
_bAlmacenes Nacionales de Depósito,
_c1969
300 _a34 p.
_b: gráfs.
590 _aBATCH-UPD
_b10
_c20130110
_lUCH01
_h0138
590 _aBATCH-UPD
_b10
_c20130110
_lUCH01
_h1630
590 _aBATCH-UPD
_b10
_c20130409
_lUCH01
_h2135
590 _aBATCH-UPD
_b10
_c20130914
_lUCH01
_h0912
590 _aCONVERSION
_b10
_c20130109
_lUCH01
_h1308
650 1 4 _aCereales
_xAlmacenamiento
_xPlagas.
_921378
650 1 4 _aInsecticidas.
_958855
901 _aBK
942 _cFOLL
949 _aFolleto 6398
_bBC
_cFOLL
_d-143672
_eTS2
_fc.2
_i17387
_si
949 _aFolleto 6398
_bBC
_cFOLL
_d-41065
_eTS1
_i17387
_mD
_si
999 _c12344
_d12344